000 00434nam a2200181Ia 4500
001 12806
005 20260306163008.0
008 260306t2003||||xx |||||||||||||| ||spa||
041 _aESP
082 _aRD 330.03
_bA59
100 _aAndrade E. Simón
_eAUT
245 0 _aDiccionario de finanzas y economía
260 _c2003
300 _a638 páginas :
_c21 cm.
650 _aGEN
654 _aCAN
942 _cDIC
_dJUS
_fJUS
_2ddc
_n
999 _c12806
_d12806